000 00420nam a2200169Ia 4500
003 GCL
008 140319s9999 xx 000 0 eng d
040 _aGCL /
_cGCL
082 0 4 _a892.7
_bV G
100 1 _aVIAL, CHARELS
245 1 0 _aAL - GAHIZ: QUATRE ESSAIS /
_cVIAL, CHARELS
260 _a[S.N] :
_bIFAO ،
_c1976
650 0 4 _aLITERATURE
650 0 4 _aARABIC LITERATURE
650 0 4 _aAL GAHIZ
942 _2ddc
_cBK
999 _c15365
_d15365